| 000 | 00618cam a2200205 a 4500 | ||
|---|---|---|---|
| 020 | _a0070535604 | ||
| 040 | _cDLC | ||
| 082 | 0 | 0 | _a301 MCG 1996 A067 Or. |
| 245 | 0 | 0 | _aMulticultural experiences, multicultural theories / |
| 260 |
_aNew York : _bMcGraw-Hill, _cc1996. |
||
| 300 |
_ax, 438 p. ; _c24 cm. |
||
| 650 | 0 | _aCultural pluralism. | |
| 650 | 0 | _aMulticulturalism. | |
| 650 | 0 | _aSocial sciences | |
| 700 | 1 | _aRogers, Mary F. | |
| 700 | 1 | _aRitzer, George. | |
| 856 | 4 | 2 | _uhttp://www.loc.gov/catdir/description/mh022/95025248.html |
| 856 | 4 | 1 | _uhttp://www.loc.gov/catdir/toc/mh022/95025248.html |
| 942 | _cEK | ||
| 999 |
_c14319 _d14319 |
||